| 000 | 01060nam a22003497a 4500 | ||
|---|---|---|---|
| 001 | BR0805070 | ||
| 003 | BR-BrBNA | ||
| 005 | 20230928102648.0 | ||
| 007 | ta | ||
| 008 | 230509b bl.||||| |||| 00| 0 por d | ||
| 040 |
_aBR-BrBNA _bpor _cBiblioteca Nacional de Agricultura |
||
| 041 | _a(Por) | ||
| 072 | _aP01; P33 | ||
| 090 | _ P01 BR0805070 | ||
| 100 | 1 | _aAngulo, R.J.(org.) | |
| 100 | 1 | _aEstades, N.P.(org.) | |
| 100 | 1 | _aSouza, M.C. de(org.) | |
| 110 | 1 | _aUniversidade Federal do Paraná, Curitiba (Brasil) | |
| 245 | 1 |
_aDesenvolvimento e meio ambiente; ocupação e uso do solo costeiro: um mosaico de diversidade _bnº 13 - 2006 |
|
| 260 | 3 |
_aCuritiba, PR (Brasil): _c2006. |
|
| 300 | _a186 p. | ||
| 500 | _aSummaries (Eng, Por); Several bibliography; 53 illus.; 54 tables | ||
| 650 | _aMEIO AMBIENTE | ||
| 650 | _aDESENVOLVIMENTO SUSTENTÁVEL | ||
| 650 | _aECOSSISTEMA | ||
| 650 | _aMATA | ||
| 650 | _aLITORAL | ||
| 650 | _aRECURSO DO SOLO | ||
| 650 | _aGEOMORFOLOGIA | ||
| 909 |
_a202309 _bLucia _c55 _dLucia Elande |
||
| 942 | _cBK | ||
| 999 |
_c71921 _d71921 |
||